Althusser kapcsán
Elmentve itt :
| Szerző: | |
|---|---|
| Adatforrás: | Philobibl |
| Forrásdokumentuma: | Világosság 10 1969/7., 439. p. |
| Dokumentumtípus: | Cikk |
| Nyelv: | magyar |
| LEADER | 00251nab a2200097 c 4500 | ||
|---|---|---|---|
| 001 | bibDOK00009355 | ||
| 005 | 20200924120505.3 | ||
| 008 | 060518s1969 xx hun | ||
| 100 | 1 | |a E. Á. | |
| 245 | 1 | 0 | |a Althusser kapcsán |c E. Á. |
| 773 | 0 | |t Világosság 10 |g 1969/7., 439. p. | |